000 00423nam a2200157Ia 4500
005 20250508152547.0
008 008 250505s9999 xx 000 0 hin d
037 _aTextual
040 _aFEDL
_beng
_cFEDL
041 _ahin
_2eng
084 _aFH, JNE
_qFEDL
245 0 _aJainendra ki kahaniyan, Bhag 6
260 _aDelhi, India
_bPurvodya Prakashan
942 _cTEXL
_hFH, JNE
999 _c1337250
_d1337250